An overview of the Companies Act 2006 (Record no. 78792)

MARC details
000 -LEADER
fixed length control field 00793cab a22002055a 4500
001 - CONTROL NUMBER
control field L138122
008 - FIXED-LENGTH DATA ELEMENTS--GENERAL INFORMATION
fixed length control field 070517s2007 xxk f 000 0 eng d
035 ## - SYSTEM CONTROL NUMBER
System control number (Sirsi) u138122
041 0# - LANGUAGE CODE
Language code of text/sound track or separate title eng
100 1# - MAIN ENTRY--PERSONAL NAME
Personal name Banerjee, Nigel
245 03 - TITLE STATEMENT
Title An overview of the Companies Act 2006
260 ## - PUBLICATION, DISTRIBUTION, ETC.
Date of publication, distribution, etc. 2007
490 #0 - SERIES STATEMENT
Series statement Lovells Real Estate Quarterly
Volume/sequential designation March 2007, 5-6(2)
520 ## - SUMMARY, ETC.
Summary, etc. Discusses the implementation timetable and the provisions of the Companies Act 2006. Reports that the Act will be brought in to force in stages ,and that the scope of the act will affect virtually all companies. Discusses directors? duties and derivative actions.
590 ## - LOCAL NOTE (RLIN)
Local note KA
650 24 - SUBJECT ADDED ENTRY--TOPICAL TERM
Topical term or geographic name entry element COMPANIES ACT 2006
651 #4 - SUBJECT ADDED ENTRY--GEOGRAPHIC NAME
Geographic name England and Wales
Chronological subdivision 1543-
690 ## - LOCAL SUBJECT ADDED ENTRY--TOPICAL TERM (OCLC, RLIN)
Topical term or geographic name as entry element MANAGEMENT-BUSINESS MANAGEMENT
942 ## - ADDED ENTRY ELEMENTS (KOHA)
Suppress in OPAC 0
Holdings
Withdrawn status Lost status Source of classification or shelving scheme Damaged status Not for loan Home library Current library Shelving location Date acquired Total Checkouts Full call number Barcode Date last seen Copy number Price effective from Koha item type
    Dewey Decimal Classification     London London Journal article 17/05/2007   L138122 138122-1001 06/08/2019 1 06/08/2019 Journal article